Which country is bigger? - Statistics

General Stats
  • This quiz has been taken 137 times
    109 since last reset
  • The average score is 12 of 20
Answer Stats
Question Answer % Correct
Australia or Democratic Republic of the Congo? Australia
100%
Austria or Sierra Leone? Austria
100%
Kosovo or Montenegro? Montenegro
100%
Belgium or Switzerland? Switzerland
100%
Albania or Rwanda? Albania
67%
Bulgaria or Liberia? Bulgaria
67%
Democratic Republic of the Congo or Libya? Democratic Republic of the Congo
67%
Kenya or Spain? Kenya
67%
Kyrgyzstan or Suriname? Kyrgyzstan
67%
Honduras or Nicaragua? Nicaragua
67%
Papua New Guinea or Paraguay? Papua New Guinea
67%
Spain or Uzbekistan? Spain
67%
Ireland or United Arab Emirates? United Arab Emirates
67%
Belize or Burundi? Burundi
33%
Kuwait or Vanuatu? Kuwait
33%
Oman or Republic of the Congo? Republic of the Congo
33%
Mozambique or Tanzania? Tanzania
33%
Nicaragua or Tunisia? Tunisia
33%
Moldova or Solomon Islands? Moldova
0%
Lithuania or Panama? Panama
0%
No matching quizzes found
Score Distribution
Percent of People with Each Score
Percentile by Number Answered
Your Score History
You have not taken this quiz since the last reset